El amor a la española / (Record no. 140955)

MARC details
000 -LEADER
campo de control de longitud fija 00593nam a2200193 i 4500
001 - NÚMERO DE CONTROL
campo de control 140955
003 - IDENTIFICADOR DE NÚMERO DE CONTROL
campo de control ES-MaACL
005 - FECHA Y HORA DE LA ÚLTIMA TRANSACCIÓN
campo de control 20230906200204.0
007 - CAMPO FIJO DE DESCRIPCIÓN FÍSICA--INFORMACIÓN GENERAL
campo de control de longitud fija t|
008 - DATOS DE LONGITUD FIJA--INFORMACIÓN GENERAL
campo de control de longitud fija 070918s1966 sp ||||1| spa d
100 1# - ENTRADA PRINCIPAL--NOMBRE DE PERSONA
Nombre de persona Werrie, Paul.
9 (RLIN) 116513
245 13 - MENCIÓN DEL TÍTULO
Título El amor a la española /
Mención de responsabilidad, etc. Paul Werrie ; [traducción Juan Ortega Costa].
260 ## - PUBLICACIÓN, DISTRIBUCIÓN, ETC.
Lugar de publicación, distribución, etc. Barcelona :
Nombre del editor, distribuidor, etc. Sagitario,
Fecha de publicación, distribución, etc. [1966]
300 ## - DESCRIPCIÓN FÍSICA
Extensión 261 p. ;
Dimensiones 21 cm.
650 04 - PUNTO DE ACCESO ADICIONAL DE MATERIA--TÉRMINO DE MATERIA
Término de materia o nombre geográfico como elemento de entrada Españoles-
Subdivisión general Psicología.
9 (RLIN) 12477
651 #4 - PUNTO DE ACCESO ADICIONAL DE MATERIA--NOMBRE GEOGRÁFICO
Nombre geográfico España-
Subdivisión general Usos y costumbres.
9 (RLIN) 8515
700 1# - ENTRADA AGREGADA--NOMBRE PERSONAL
Nombre de persona Ortega Costa, Juan.
9 (RLIN) 87449
852 ## - LOCALIZACIÓN
Ubicación ES-MaACL
Número de control de estantería C-30501
Sublocalización o colección R.60931
Holdings
Estatus retirado Estado de pérdida Estado de daño No para préstamo Biblioteca de origen Biblioteca actual Ubicación en estantería Fecha de adquisición Fuente de adquisición Total de préstamos Signatura topográfica completa Código de barras Visto por última vez Precio de reemplazo Tipo de ítem Koha
        Biblioteca del Ateneo de Madrid Biblioteca del Ateneo de Madrid Depósito 2 17/01/2008     C-30501 1146670 23/02/2023 23/02/2023 Libro impreso